[Event "Benidorm op U2000 14th"]
[Site "Benidorm"]
[Date "2015.11.29"]
[Round "2"]
[White "Fuset Torralba, Jose Luis"]
[Black "Landa Monux, Josu"]
[Result "0-1"]
[WhiteElo "1811"]
[BlackElo "1976"]
[PlyCount "40"]
[EventDate "2015.11.28"]
[EventType "swiss"]
[EventRounds "10"]
[EventCountry "ESP"]
[SourceTitle "CBM 169 Extra"]
[Source "ChessBase"]
[SourceDate "2015.12.18"]
[SourceVersion "1"]
[SourceVersionDate "2015.12.18"]
[SourceQuality "1"]

1. c4 g6 2. Nc3 Bg7 3. g3 f5 4. Bg2 e5 5. e4 Ne7 6. Nge2 0-0 7. d3 d6 8. Be3 c5 9. Qd2 Nbc6 10. Nd5 fxe4 11. dxe4 Nxd5 12. exd5 Nd4 13. f4 Nxe2 14. Kxe2 exf4 15. gxf4 Re8 16. Kf3 Qh4 17. h3 Bf5 18. Rag1 Be4+ 19. Ke2 Bxg2 20. Rxg2 Bd4 0-1

[Event "Benidorm op U2300 10th"]
[Site "Benidorm"]
[Date "2011.12.04"]
[Round "3"]
[White "Gromovs, Sergejs"]
[Black "Landa Monux, Josu"]
[Result "1-0"]
[WhiteElo "2275"]
[BlackElo "2053"]
[PlyCount "39"]
[EventDate "2011.12.02"]
[EventType "swiss"]
[EventRounds "10"]
[EventCountry "ESP"]
[SourceTitle "CBM 145 Extra"]
[Source "ChessBase"]
[SourceDate "2012.01.03"]
[SourceVersion "1"]
[SourceVersionDate "2012.01.03"]
[SourceQuality "1"]

1. d4 d5 2. c4 Nc6 3. Nf3 Nf6 4. cxd5 Qxd5 5. Nc3 Qa5 6. e3 e5 7. Bb5 Bd7 8. 0-0 Bd6 9. a3 a6 10. Be2 exd4 11. exd4 0-0 12. Bg5 Qf5 13. Bd3 Qg4 14. Bxf6 gxf6 15. Ne4 Be7 16. Re1 Rac8 17. Qd2 f5 18. Ng3 Nxd4 19. Ne5 Qg7 20. Qc3 1-0